1311 1124 1944 1573 1048 1652 1363 1795 1522 1078 1050 1199 1186 1308 1420 1986 2000 1490 1064 1890 1920 1805 1322 1898 1407 1634 1026 1640 1722 1136 1638 1873 1233 1581 1425 1411 1012 1627 1815 1178 1500 1679 1645 1739 1266 1508 1999 1541 1742 1529 1592 1511 1155 1940 1663 1191 1930 1690 1187 1942 1304 1357 1830 1534 1020 1738 1002 1217 1387 1127 1274 1212 1188 1780 1330 1829 1170 1938 1085 1571 1534 1719 1559 1694 1092 1995 1139 1571 1108 1704 1071 1073 1719 1242 1482 1910 1122 1551 1564 BCNSPRNW ULIB Ver.6.0+V

เปลี่ยนเป็นภาษาไทย

Change to English
 แสดงรายละเอียดบรรณานุกรม
  กลับหน้าหลัก

Brief Record : Get Marc (ISO 2709) : E-mail record : QR code < ปิดหน้าต่าง
LEADER : 00000nam 2200000uu 4500
001    13399114414
003     ULIB
008    120328s||||||||th 000 0 tha d
020    ^a9786162440090
050  4 ^aBQ4190^bพ358ส
100 0  ^aพระมหาสมปอง ตาลปุตฺโต
245 10 ^aสุขจัง /^cพระมหาสมปอง ตาลปุตโต ; เรียบเรียงโดย ศราวุธ
250    ^aพิมพ์ครั้งที่ 1
260    ^aกรุงเทพฯ :^bโพสต์บุ๊กส์,^c2554
300    ^a143 หน้า :^bภาพประกอบ ;^c19 ซม.
500    ^aSend to Single Search
700 0  ^aศราวุธ เอี่ยมเซี่ยม,^eเรียบเรียง
945    ^p145^l0^i031516
995    ^aทศพร
999 ^a ทศพร
รายการนี้ยังไม่มีแท็ก
คุณยังไม่ได้ล็อกอิน คุณสามารถมีกิจกรรมร่วมกับเว็บไซต์ได้ แต่ต้องล็อกอินก่อน ::
  ล็อกอิน

รายการสื่อสารสนเทศ

ลำดับที่ ประเภท เลขเรียก/บาร์โค้ด สถานที่ สถานะ
- ไม่พบข้อมูล -

รายการใกล้เคียง
    ผู้แต่ง [พระมหาสมปอง ตาลปุตฺโต]

BibComment


ยังไม่เคยถูกคอมเมนท์

คอมเมนท์ทรัพยากรรายการนี้
  คอมเมนท์: สุขจัง พระมหาสม..


 Copyright 2026. Bcnsprnw @Library